Name all DCI Champions since 1972 - Statistics

General Stats
  • This quiz has been taken 77 times
    40 since last reset
  • The average score is 37 of 52
Answer Stats
Year Corps % Correct
2024 Bluecoats
100%
2023 Blue Devils
100%
2025 Boston Crusaders
100%
2022 Blue Devils
94%
2017 Blue Devils
94%
2018 Santa Clara Vanguard
94%
2016 Bluecoats
89%
2019 Blue Devils
89%
2015 Blue Devils
89%
2014 Blue Devils
89%
2012 Blue Devils
89%
2007 Blue Devils
89%
2013 Carolina Crown
89%
2008 Phantom Regiment
89%
2010 Blue Devils
83%
2003 Blue Devils
83%
1997 Blue Devils
83%
1996 Blue Devils & Phantom Regiment (tie)
83%
1999 Blue Devils & Santa Clara Vanguard (tie)
83%
2011 The Cadets
83%
2009 Blue Devils
78%
1994 Blue Devils
78%
1998 The Cadets of Bergen County
78%
2006 The Cavaliers
78%
2002 The Cavaliers
78%
2005 The Cadets
72%
1993 The Cadets of Bergen County
72%
2000 The Cadets & The Cavaliers (tie)
72%
2004 The Cavaliers
72%
2001 The Cavaliers
72%
1995 The Cavaliers
72%
1989 Santa Clara Vanguard
61%
1990 The Cadets of Bergen County
61%
1992 The Cavaliers
61%
1986 Blue Devils
56%
1982 Blue Devils
56%
1980 Blue Devils
56%
1979 Blue Devils
56%
1977 Blue Devils
56%
1976 Blue Devils
56%
1987 Garfield Cadets
50%
1985 Garfield Cadets
50%
1984 Garfield Cadets
50%
1983 Garfield Cadets
50%
1991 Star of Indiana
50%
1972 Anaheim Kingsmen
44%
1981 Santa Clara Vanguard
44%
1978 Santa Clara Vanguard
44%
1973 Santa Clara Vanguard
44%
1988 Madison Scouts
39%
1975 Madison Scouts
39%
1974 Santa Clara Vanguard
33%
No matching quizzes found
Score Distribution
Percent of People with Each Score
Percentile by Number Answered
Your Score History
You have not taken this quiz since the last reset